| 000 -CABECERA |
| Campo de control de longitud fija |
00462nam a22001697a 4500 |
| 005 - FECHA Y HORA DE LA ÚLTIMA TRANSACCIÓN |
| Campo de control |
20180117163332.0 |
| 008 - CAMPO FIJO DE DESCRIPCIÓN FIJA--INFORMACIÓN GENERAL |
| Campo de control de longitud fija |
140604s2012 sp ||||| |||| 00| 0 cat d |
| 020 ## - ISBN (INTERNATIONAL STANDARD BOOK NUMBER) |
| ISBN |
9788466415811 |
| 040 ## - FUENTE DE CATALOGACIÓN |
| Agencia que realiza la transcripción |
CPC Girona |
| 100 ## - ENCABEZAMIENTO PRINCIPAL--NOMBRE PERSONAL |
| 9 (RLIN) |
2677 |
| Nombre de persona |
Gabancho, Patrícia |
| 245 13 - MENCIÓN DE TÍTULO |
| Título |
La néta d'Adam |
| 260 ## - PUBLICACIÓN, DISTRIBUCIÓN, ETC (PIE DE IMPRENTA) |
| Lugar de publicación, distribución, etc. |
Barcelona : |
| Nombre del editor, distribuidor, etc. |
Columna, |
| Fecha de publicación, distribución, etc. |
2012 |
| 300 ## - DESCRIPCIÓN FÍSICA |
| Extensión |
335 p. |
| Dimensiones |
30 cm. |
| 500 ## - NOTA GENERAL |
| Nota general |
Premi Prudencia Bertrana 2012 |
| 650 #4 - ASIENTO SECUNDARIO DE MATERIA--TÉRMINO DE MATERIA |
| 9 (RLIN) |
3139 |
| Nombre de materia o nombre geográfico como elemento de entrada |
Periodistes catalans |
| Subdivisión de forma |
Biografia |
| 942 ## - ELEMENTOS KOHA |
| Koha tipo de item |
Monografies |